000
00258nam a2200097Ia 4500
001
1212082
005
20250827024448.0
008
250824s9999 xx 000 0 und d
245
0
_a
FİLLER DE HATIRLAR
_c
AGATHA CHRİSTİE
260
_b
ALTIN KİTAPLAR YAYINEVİ
999
_c
1212082
_d
1212082